00692 2200193 4500001002100000005001500021035002000036007000300056008004100059020002200100082001100122084001700133100001700150245016800167250003500335260004600370300005300416650002900469INLIS00000000000120720250521080802 a0010-0525000056ta250521 g 0 ind  a978-623-95237-3-2 a297.73 a297.73 NUR t0 aNur Khasanah1 aTerampil dalam Pembelajaran Terintegrasi Islam Melalui Model DBUS :bDiscovery Based Unity of Sciences /cNur Khasanah (Penulis); Muhammad Michal Zaki (Penyunting) aCetakan Pertama, November 2020 aSemarang :bAlinea Media Dipantara,c2020 a169 Halaman :bIlustrasi; teks; tabel ;c20,5 cm 4aSains & Ilmu Pengetahuan